000 01373nam a22003257a 4500
999 _c12597
_d12597
003 EG-ScBUE
005 20200919100612.0
008 090817r20052001enk f bd 001 0 eng d
020 _a1855734834
040 _aEG-ScBUE
_beng
_erda
_cEG-ScBUE
_dEG-ScBUE
082 0 4 _a677.028242
_bLOR
_222
100 1 _aLord, Peter R.‏
_q(Peter Reeves)
_eauthor.
245 _aWeaving: Conversion of Yarn to Fabric :
_cP. R. Lord, Ph.D., abel c. lineberger professor of textiles, School of Textiles, North Carolina State University, Raleigh, North Carolina, U.S.A., M. H. Mohamed, B.Sc., professor of textile materials and management, School of Textiles, North Carolina State University, Raleigh, North Carolina, U.S.A.
250 _aSecond edition.
250 _aReprinted edition.
264 1 _aCambridge, England :
_bWoodhead Publishing Limited,
_c2005.
300 _avii, 394 pages ;
_c20 cm.
336 _2rdacontent
_atext
_btxt
337 _2rdamedia
_aunmediated
_bn
338 _2rdacarrier
_avolume
_bnc
490 0 _aMerrow technican library.
_atextile technology ;
_v12
500 _aIncludes appendix.
500 _aIncludes glossary.
504 _aIncludes bibliographical references and index.
650 7 _aweaving.
_2BUEsh
_98471
653 _bGGEN
_cSeptember2020
655 _vReading book
_934232
700 1 _aMohamed, Mansour H.,
_eauthor.
942 _2ddc
_cBB